Animals Typing Challenge Quiz Stats

 Plays Quiz Updated Jan 11, 2012

Challenge
Share
Tweet
Embed
Score 0/48 Timer 01:00
13 Plays Today
Word Typed Word % Correct
????
100%
????
99.6%
????
99.3%
????
99%
????
98.7%
????
98.4%
????
98.1%
????
97.9%
????
97.5%
????
97.2%
????
97%
????
96.9%
????
96.6%
????
96.3%
????
96%
????
95.6%
????
95.2%
????
94.8%
????
94%
????
93.3%
????
92.5%
????
91.7%
????
90.3%
????
89%
Word Typed Word % Correct
????
87.1%
????
84.8%
????
82.7%
????
80.6%
????
78%
????
74%
????
70.3%
????
64%
????
58.3%
????
52.2%
????
45.5%
????
40.9%
????
35.3%
????
29.1%
????
23.9%
????
20.2%
????
16.7%
????
13%
????
9.8%
????
7.2%
????
5.1%
????
3.4%
????
2.1%
????
0.9%

You're not logged in!

Compare scores with friends on all Sporcle quizzes.
Join for Free
OR
Log In

You Might Also Like...

Show Comments

Extras

Top Quizzes Today


Score Distribution

Your Account Isn't Verified!

In order to create a playlist on Sporcle, you need to verify the email address you used during registration. Go to your Sporcle Settings to finish the process.

Report this User

Report this user for behavior that violates our Community Guidelines.

Details: